000 00293nam a22001217a 4500
999 _c12132
_d12132
082 _a938.05
100 _aSahabzada Muhammad Abdulrasool
245 _aTarrekh Tehzeeb-e-Insani
260 _aSargodha
_bUniversity of Sargodha
_c2009
300 _a760
650 _aEnglish Fiction
942 _cBK